000 00470nam a2200181Ia 4500
005 20250515110549.0
008 250327s9999 xx 000 0 und d
020 _a9788129151964
_qhbk
041 _aeng
082 _a320
_bLAS
100 _aLaski, Harold J.
245 3 _aAn Introduction To Politics
_cHarlod J. Laski
250 _aFirst edition
260 _bRupa
_c2018
_aNew delhi
300 _a118 pages
_c22 cm
650 _anature of state
942 _cENGLISH
999 _c569973
_d569973